000
00280nam a2200121 a 4500
008
110107s1962|||| d
245
1
0
_a
Krok vpred, dva kroky vzad
100
1
_a
Lenin, V. I.
260
_b
VPL
_a
Bratislava
_c
1962
020
_c
20
044
_a
xo
_c
SK
041
_a
slo
999
_c
15557
_d
15557